Vybrané kapitoly z organizácie manažérskej práce

Gespeichert in:
Bibliographische Detailangaben
1. Verfasser: Mihalčová, Bohuslava, 1963-
Körperschaft: Ekonomická univerzita v Bratislave. Podnikovohospodárska fakulta so sídlom v Košiciach
Weitere Verfasser: Bosáková, Mária, Olexová, Cecília, 1976-
Format: Buch
Sprache:Slowakisch
Veröffentlicht: Bratislava Vydavateľstvo Ekonóm 2003
Schlagworte:
Tags: Tag hinzufügen
Keine Tags, Fügen Sie das erste Tag hinzu!

MARC

LEADER 00000nam a2200000 4500
001 c144060
005 20221108125306.5
020 |a 80-225-1630-9 
041 0 |a slo 
044 |a SK 
245 1 0 |a Vybrané kapitoly z organizácie manažérskej práce  |c Bohuslava Mihalčová vedúca autorského kolektívu, Mária Bosáková, Cecília Olexová 
264 1 |a Bratislava  |b Vydavateľstvo Ekonóm  |c 2003 
300 |a 156 s. 
610 2 0 |a organizácia práce 
610 2 0 |a manažment 
610 2 0 |a manažéri 
610 2 0 |a vedenie 
610 2 0 |a vedenie podniku 
610 2 0 |a delegovanie právomoci 
610 2 0 |a vzdelávanie 
610 2 0 |a kariéra 
610 2 0 |a etika podnikateľská 
610 2 0 |a zodpovednosť 
100 1 |a Mihalčová, Bohuslava, 1963- 
700 1 |a Bosáková, Mária 
700 1 |a Olexová, Cecília, 1976- 
710 2 |a Ekonomická univerzita v Bratislave. Podnikovohospodárska fakulta so sídlom v Košiciach